| 000 | 00518nam a22001697a 4500 | ||
|---|---|---|---|
| 999 |
_c30747 _d30747 |
||
| 008 | 201007b ||||| |||| 00| 0 eng d | ||
| 020 | _a0763747491 | ||
| 050 | _aRA 776 .E35 2004 | ||
| 100 | _aEdlin, Gordon | ||
| 245 |
_aHealth and wellness/ _cGordon Edlin & Eric Golanty |
||
| 250 | _a8th ed. | ||
| 260 |
_aSudburry, MA: _bJones and Bartlett Publishers, _c2004. |
||
| 300 |
_av, 222p. : _bill, ; _c28 cm. |
||
| 650 | _aHealth. | ||
| 700 | _aGolanty, Eric | ||
| 942 |
_2lcc _cBOOKS _hRA 776 .E35 2004 |
||